On This Day: March 21st Quiz Stats

 Plays Quiz Updated Mar 21, 2017

Support Sporcle.
Go Orange.
Score 0/7 Timer 03:00
0 Plays Today
Question Answer Wrong Answers
Reza Shah Pahlavi asks foreign delegates to call his country Iran rather than this antiquated term, and decrees that the formal name of his country has changed.
1935
Persia
91.7%
Hindostan
1.5%
Farsi
3.5%
Scythia
1.2%
The Butler Act passes in Tennessee, prohibiting educators from teaching about this topic in public schools. The law is challenged later that year in the famous Scopes Monkey Trial.
1925
Evolution
88.6%
Human reproduction
4%
Racial discrimination
4.4%
Abortion
2.1%
This American aviator is presented with a Medal of Honor for taking the first solo trans-Atlantic flight.
1928
Charles Lindbergh
85.1%
Amelia Earhart
9.8%
Howard Hughes
2.7%
Glenn Curtiss
0.8%
This chirpy social media platform is founded, based on the idea of using SMS messages to communicate with an entire group.
2006
Twitter
84.9%
Myspace
3.1%
Facebook
6.4%
Instagram
2.2%
Dr. Martin Luther King, Jr. leads over 3,000 people on a third and final march from Selma, Alabama to this city in support of African-American voting rights.
1965
Montgomery, Alabama
81.4%
Memphis, Tennessee
11.3%
Oxford, Mississippi
2%
New Orleans, Louisiana
2.2%
This influential set of laws is adopted in France - the first modern legal code to have a pan-European scope.
1804
Napoleonic Code
70.9%
Treaty of Rights
11.1%
Magna Carta
16.2%
West Galician Code
1.7%
This stage and screen star, famous for his roles in 'True Romance' and 'Tinker Tailor Soldier Spy,' is born.
1958
Gary Oldman
60.5%
Colin Firth
15.2%
Val Kilmer
9.9%
Christian Slater
11.6%

You're not logged in!

Compare scores with friends on all Sporcle quizzes.
OR
Log In
Forgot?

From the Vault

Finish the TV Show Titles (2010s)

by LTH

Help bring these TV shows to a close.
Remove Ads.
Support Sporcle.
Get the best of Sporcle when you Go Orange. This ad-free experience offers more features, more stats, and more fun while also helping to support Sporcle. Thank you for becoming a member.

Show Comments

Extras

Top Quizzes Today


Score Distribution

Your Account Isn't Verified!

In order to create a playlist on Sporcle, you need to verify the email address you used during registration. Go to your Sporcle Settings to finish the process.

Report this User

Report this user for behavior that violates our Community Guidelines.

Details: